| 000 | 00399 a2200133 4500 | ||
|---|---|---|---|
| 001 | 92351 | ||
| 082 | _a629.4742 ASH | ||
| 090 |
_c44319 _d44320 |
||
| 100 | _aAshish Tewari | ||
| 245 | _aAutomatic Control of atmospheric and space flight vehicles; design and analysis with MATLAB and Simulink | ||
| 260 |
_aLondon _bBirkhauser _c2011 |
||
| 300 | _axiv, 374 p. | ||
| 500 | _aBE textbook Aerospace | ||
| 942 |
_aNUST-CAE _k629.4742 ASH |
||
| 999 |
_c327424 _d327424 |
||